Ensayos sobre economía : (Registro nro. 5351)

Detalles MARC
000 -LEADER
fixed length control field 01254nam a2200277Ia 4500
003 - CONTROL NUMBER IDENTIFIER
control field OSt
005 - DATE AND TIME OF LATEST TRANSACTION
control field 20200611104747.0
008 - FIXED-LENGTH DATA ELEMENTS--GENERAL INFORMATION
fixed length control field 191128s2008 ck fr 000 0 spa d
020 ## - INTERNATIONAL STANDARD BOOK NUMBER
International Standard Book Number 9789586485586
040 ## - CATALOGING SOURCE
Original cataloging agency CO-JMCR
Transcribing agency CO-JMCR
041 0# - LANGUAGE CODE
Language code of text/sound track or separate title spa
082 04 - DEWEY DECIMAL CLASSIFICATION NUMBER
Classification number 330.02 /
Item number U537e
Edition number 23
110 1# - MAIN ENTRY--CORPORATE NAME
Corporate name or jurisdiction name as entry element Colombia.
Subordinate unit Universidad del Tolima
9 (RLIN) 5487
245 10 - TITLE STATEMENT
Title Ensayos sobre economía :
Remainder of title 10 años del programa de economía /
Statement of responsibility, etc. Universidad del Tolima
250 ## - EDITION STATEMENT
Edition statement Primera edición
260 ## - PUBLICATION, DISTRIBUTION, ETC.
Place of publication, distribution, etc. Bogotá :
Name of publisher, distributor, etc. Ecoe,
Date of publication, distribution, etc. 2008
300 ## - PHYSICAL DESCRIPTION
Extent ix, 167 páginas ;
Dimensions 24 cm.
490 0# - SERIES STATEMENT
Series statement Ciencias administrativas. Economía
505 0# - FORMATTED CONTENTS NOTE
Formatted contents note La diversidad de la organización cooperativa. Ideas desde el debate italiano -- Propuesta de un modelo de sistema de información para el análisis de las finanzas públicas, como contribución a la competitividad empresarial
520 ## - SUMMARY, ETC.
Summary, etc. Ensayos sobre Economía compila seis artículos elaborados por tres profesores de planta, un egresado y dos profesores internacionales. Dentro de los temas abordados por los profesores de planta se encuentran los relacionados.
650 14 - SUBJECT ADDED ENTRY--TOPICAL TERM
Topical term or geographic name entry element Economía
9 (RLIN) 5488
650 14 - SUBJECT ADDED ENTRY--TOPICAL TERM
Topical term or geographic name entry element Cooperativismo
9 (RLIN) 5489
650 14 - SUBJECT ADDED ENTRY--TOPICAL TERM
Topical term or geographic name entry element Globalización
9 (RLIN) 5490
650 14 - SUBJECT ADDED ENTRY--TOPICAL TERM
Topical term or geographic name entry element Democracia
9 (RLIN) 5491
942 ## - ADDED ENTRY ELEMENTS (KOHA)
Source of classification or shelving scheme Dewey Decimal Classification
Koha item type Books
Existencias
Withdrawn status Lost status Source of classification or shelving scheme Damaged status Not for loan Collection code Home library Current library Date acquired Source of acquisition Cost, normal purchase price Total Checkouts Full call number Barcode Date last seen Copy number Koha item type
    Dewey Decimal Classification     Non-fiction Biblioteca Pública José María del Castillo y Rada Biblioteca Pública José María del Castillo y Rada 04/15/2018 Donación 0.00   330.02 / U537e 430001744 05/16/2024 Ej.1 Books